Estatísticas para Filmes sáficos

Clique aqui para jogar o quiz

Estatísticas Gerais

  • Esse quiz foi jogado 42 vezes
  • A pontuação média é 6 de 54

Estatísticas das Respostas

Resposta% Correto
Carol
63%
Azul é a cor mais quente
58%
Imagine eu e você
45%
Ammonite
39%
Retrato de uma jovem em chamas
39%
A criada
37%
Desobediência
29%
Elisa e Marcela
29%
Alguém avisa?
26%
Nunca fui santa
24%
Cidade dos sonhos
16%
Gia - Fama e Destruição
16%
Eu me importo
13%
Fale com as abelhas
13%
Flores raras
13%
A favorita
11%
Assunto de meninas
11%
Benedetta
11%
A jovem rainha
8%
Amando Annabelle
8%
Beijando Jessica Stein
8%
Infâmia
8%
O mau exemplo de Cameron Post
8%
Um romance nas entrelinhas
8%
Amor por direito
5%
As boas maneiras
5%
As horas
5%
I can’t think straight
5%
The perfection
5%
Tipping The velvet
5%
Casamento de verdade
3%
Elena undone
3%
Fingersmith
3%
Minhas mães e meu pai
3%
Professor Marston e as mulheres maravilhas
3%
Senhoritas de uniforme
3%
A garota dos meus sonhos
0%
Almas gêmeas
0%
A partilha
0%
A Perfect ending
0%
Cadê os homens?
0%
Como esquecer
0%
Corações do deserto
0%
Do que é feito uma família
0%
Entre elas
0%
Kyss myg
0%
Mães Paralelas
0%
O preço da traição
0%
O uivo da gaita
0%
Por trás da inocência
0%
Quando a noite cai
0%
Quatro minutos
0%
Sedução
0%
Vicky Cristina Barcelona
0%

Distribuição das Pontuações

Percentil de Números Respondidos

Porcentagem de Pessoas com Cada Pontuação

Sua Pontuação Histórica

Você não jogou esse quiz